Mapas para servir al estudio de la frontera entre Venezuela y Colombia. (Record no. 167706)

MARC details
000 -LEADER
campo de control de longitud fija 00870nam a2200205 i 4500
001 - NÚMERO DE CONTROL
campo de control 167706
003 - IDENTIFICADOR DE NÚMERO DE CONTROL
campo de control ES-MaACL
005 - FECHA Y HORA DE LA ÚLTIMA TRANSACCIÓN
campo de control 20230906213558.0
008 - DATOS DE LONGITUD FIJA--INFORMACIÓN GENERAL
campo de control de longitud fija 050929s1884 sp b | |||||||| ||spa d
040 ## - FUENTE DE CATALOGACIÓN
Centro catalogador/agencia de origen CAM
Lengua de catalogación spa
Centro/agencia transcriptor CAM
100 1# - ENTRADA PRINCIPAL--NOMBRE DE PERSONA
Nombre de persona Viso, Julián.
9 (RLIN) 133796
245 10 - MENCIÓN DEL TÍTULO
Título Mapas para servir al estudio de la frontera entre Venezuela y Colombia.
260 ## - PUBLICACIÓN, DISTRIBUCIÓN, ETC.
Lugar de publicación, distribución, etc. Madrid :
Nombre del editor, distribuidor, etc. [s.n.],
Fecha de publicación, distribución, etc. 1884 (
Fabricante Est. tipográfico de los sucesores de Rivadeneyra)
300 ## - DESCRIPCIÓN FÍSICA
Extensión 28 p., [4] h. pleg. de mapas, 36 x 45 cm ó menos en h. de 45 x 57,5 cm, pleg. en 27,5 x 18,5 cm ;
Dimensiones 27 cm.
594 ## - Nota al título y mención de responsabilidad
Nota al título y mención de responsabilidad Texto firmado por J. Viso.
651 #4 - PUNTO DE ACCESO ADICIONAL DE MATERIA--NOMBRE GEOGRÁFICO
Nombre geográfico Colombia-
Subdivisión general Fronteras-
Subdivisión geográfica Venezuela.
9 (RLIN) 8072
651 #4 - PUNTO DE ACCESO ADICIONAL DE MATERIA--NOMBRE GEOGRÁFICO
Nombre geográfico Venezuela-
Subdivisión general Fronteras-
Subdivisión geográfica Colombia.
9 (RLIN) 9518
852 ## - LOCALIZACIÓN
Ubicación ES-MaACL
Número de control de estantería T-388-F-7
Nota libre -- Enc. hol.
-- -- Enc. en un vol. facticio
852 ## - LOCALIZACIÓN
Ubicación ES-MaACL
Número de control de estantería T-955-F-11
Nota libre .- Legado de González del Campillo
Holdings
Estatus retirado Estado de pérdida Estado de daño No para préstamo Colección Biblioteca de origen Biblioteca actual Ubicación en estantería Fecha de adquisición Fuente de adquisición Total de préstamos Signatura topográfica completa Código de barras Visto por última vez Precio de reemplazo Tipo de ítem Koha
        Colección de folletos Biblioteca del Ateneo de Madrid Biblioteca del Ateneo de Madrid Depósito folletos 21/03/2018     T-955-F-11 1198557 23/02/2023 23/02/2023 Folleto
        Colección de folletos Biblioteca del Ateneo de Madrid Biblioteca del Ateneo de Madrid Depósito folletos 17/01/2008     T-388-F-7 1175941 23/02/2023 23/02/2023 Folleto